| 000 | 00648nam a2200193 a 4500 | ||
|---|---|---|---|
| 020 | _a0890542139 | ||
| 040 | _cLU | ||
| 082 | 0 | 0 | _a579 APS 1996 C148 Or. |
| 245 | 0 | 0 |
_aEndophytic fungi in grasses and woody plants : _bsystematics, ecology, and evolution / |
| 260 |
_aSt. Paul, Minn. : _bAPS Press, _cc1996. |
||
| 300 |
_a223 p. : _bill. ; _c23 cm. |
||
| 500 | _aIncludes five papers presented at the 1991 American Phytopathological Society annual meeting, plus six additional papers. | ||
| 650 | 0 | _aEndophytic fungi. | |
| 650 | 0 | _aGrasses | |
| 650 | 0 | _aWoody plants | |
| 700 | 1 | _aRedlin, Scott C. | |
| 700 | 1 | _aCarris, Lori M. | |
| 942 | _cAEDBB | ||
| 999 |
_c18585 _d18585 |
||